| 000 | 00666nam a22001937a 4500 | ||
|---|---|---|---|
| 005 | 20100810115416.0 | ||
| 010 | _aENG-99362 | ||
| 020 |
_a9789380243375 _c100.00 |
||
| 035 | _aEN-82894 | ||
| 037 | _bDBAD/PUB | ||
| 082 | _a005 | ||
| 100 |
_aSenthil, PL _99932 |
||
| 245 |
_aFundamentals of Computers / _cby PL Senthil |
||
| 260 |
_aTiruchirppalli _bRaja Publications _c2009 |
||
| 270 |
_a4/1 S S H Shelter, Hazarath Abdul Salam Street Khajanagar _bTiruchirappalli _e620020 |
||
| 300 |
_avi,150p _c21cm(pbk) |
||
| 942 |
_2ddc _cEN _h005 _mSEN |
||
| 999 |
_c40575 _d40575 |
||